000 00236 a2200109 4500
003 Nust
005 20170207154233.0
040 _cNust
082 _a371.33
245 _aArctic In Nature (VHS-291)
440 _aArctic In Nature (VHS-291)
538 _aDuration Mins 90
999 _c195998
_d195998